000 00631nam a2200181Ia 4500
003 GCL
008 140319s9999 xx 000 0 ara d
040 _aGCL /
_cGCL
082 0 4 _a149.3
_bا م
100 1 _aانطوان معلوف
245 1 0 _aالمدخل الى الماساة ( التراجيديا) والفلسفة الماسوية /
_cانطوان معلوف
250 _aالاولى
260 _aبيروت :
_bالمؤسسة الجامعية للدراسات والنشر والتوزيع ،
_c1982
300 _a312 ص ؛
_c25 سم
490 _a
650 0 4 _aالفلسفة فى الادب
942 _2ddc
_cBK
999 _c40380
_d40380